Письмо директора департамента полиции Зволянского П. Д. Святополк-Мирскому - сообщает, что в первой половине мая м-ца в Харькове...

Доступно только в Электронных читальных залах Найти на картеНа карте
RUSMARC
00004114nac2a22002773x 450
0015f1a1c4f-b48b-4c73-b648-0561e54001b7
00520231127214712.0
100##$a20231115l18951901k y0rusy50 ca
1010#$arus
102##$aRU
105##$ay z |||||
1222#$ad18951231
$ad19011231
2001#$aПисьмо директора департамента полиции Зволянского П. Д. Святополк-Мирскому - сообщает, что в первой половине мая м-ца в Харькове происходили забастовки; о встрече с поручиком Прокоповичем
$j1895-1901
215##$a13 листов
$d32 х 21,5
251##$cДело
300##$aНа папке дела: 1895-1900
300##$aРукописный и типографский текст
461#0$100192272350-62bb-46dc-83bb-8220a1b3e7bb
$12001
$aСвятополк-Мирский Петр Дмитриевич, князь, министр внутренних дел (август 1904 г. - январь 1905 г.)
$1251
$cФонд
$1852
$j1729
462#0$1001c805a107-4c41-4482-a939-9aa544013161
$12001
$aДела постоянного хранения. 1857-1914 гг.
$vД. 756
$1251
$cОпись
$1852
$j1
600#1$aСвятополк-Мирский
$bП. Д.
$cкнязь
$gПетр Дмитриевич
600#1$aЗволянский
600#1$aПрокопович
60101$3RU\NLR\AUTH\889931910
$aРоссия
$bДепартамент полиции
801#0$aRU
$bGA_RF
801#1$aRU
$bГлавНИВЦ
$c20231115
$2rusmarc
801#2$aRU
$bПБ им. Б.Н. Ельцина
$c20231127
$gRCR
$2rusmarc
852##$aГА РФ
$j756
937##$d189199441
$hГАРФ
035##$aRuPRLIB51073666
856##$uhttp://readingroom.main.prlib.ru/item.aspx?id_node=n189199441&mode=full
Формат отображения